000 00780nam a22001577a 4500
003 OSt
005 20150912160541.0
008 150912b xxu||||| |||| 00| 0 eng d
040 _cRUA
082 _aAGR SIN 1997 B019 Or.1
100 _9347
_aSIN, VUTHEA
245 _aFarmer's knowledge and farmer's practice in soil fertility management: acase study in tumnop thum commune, ponhealoeu district (kandal) ចំនេះដឹងនិងបច្ចេកទេសរបស់កសិករក្នុងការថែទាំនិងបង្កើនជីជាតិដី នៅឃុំទំនប់ធំ​ ស្រុកពញ្ញាឮ​ ខេត្តកណ្ដាល
260 _aPhnom Penh
_bRUA
_c1997
300 _a65p.
_bill.
_c29cm.
942 _2ddc
_cAGR
999 _c326
_d326